Die holzschnitte der lübecker bibel von 1494 zu den 5 Büchern Mose (Record no. 8319)

MARC details
000 -CABECERA
campo de control de longitud fija 01044nam a2200289 a 4500
001 - NÚMERO DE CONTROL
campo de control BRCA_8660
005 - FECHA Y HORA DE LA ÚLTIMA TRANSACCIÓN
campo de control 20190320210347.0
008 - DATOS DE LONGITUD FIJA--INFORMACIÓN GENERAL
campo de control de longitud fija 291116s1918----gw-a######---#000-0#ger-#
041 ## - CÓDIGO DE LENGUA
Código de lengua del texto/banda sonora o título independiente ger
044 ## - CÓDIGO DEL PAÍS DE LA ENTIDAD EDITORA/PRODUCTORA
Código MARC del país gw
050 #4 - SIGNATURA TOPOGRÁFICA DE LA BIBLIOTECA DEL CONGRESO
Número de clasificación NE1235
Número de documento/Ítem .F92
-- 1918
100 1# - ENTRADA PRINCIPAL--NOMBRE DE PERSONA
Nombre de persona Friedländer, Mar J.
9 (RLIN) 21604
245 10 - MENCIÓN DE TÍTULO
Título Die holzschnitte der lübecker bibel von 1494 zu den 5 Büchern Mose
Mención de responsabilidad, etc. Mar J. Friedländer.
260 ## - PUBLICACIÓN, DISTRIBUCIÓN, ETC.
Lugar de publicación, distribución, etc. Berlín
Nombre del editor, distribuidor, etc. G. Grotesche Berlagsbuchhandlung
Fecha de publicación, distribución, etc. 1918
300 ## - DESCRIPCIÓN FÍSICA
Extensión 38 p.
Otras características físicas il.
Dimensiones 34 cm
500 ## - NOTA GENERAL
Nota general Fondo antiguo
500 ## - NOTA GENERAL
Nota general Se encuentra en Caja Fuerte
500 ## - NOTA GENERAL
Nota general R-42/B
500 ## - NOTA GENERAL
Nota general Con Ex-libris de: Lilln Von Hornatzhi
500 ## - NOTA GENERAL
Nota general Contiene 50 grabados con ilustraciones de la biblia
500 ## - NOTA GENERAL
Nota general Nota de encuadernación: rústica, deteriorada del lomo y esquinas
506 0# - NOTA DE RESTRICCIONES AL ACCESO
Limitaciones de acceso Fondo reservado: para su consulta es necesario credencial de usuario y carta de motivos.
650 14 - PUNTO DE ACCESO ADICIONAL DE MATERIA--TÉRMINO DE MATERIA
Término de materia o nombre geográfico como elemento de entrada Grabado en madera
Término indicativo de función/relación Alemán
9 (RLIN) 7409
650 14 - PUNTO DE ACCESO ADICIONAL DE MATERIA--TÉRMINO DE MATERIA
Término de materia o nombre geográfico como elemento de entrada Biblia
Término indicativo de función/relación Antiguo testamento
Subdivisión de forma Ilustraciones
9 (RLIN) 21605
902 ## - CATALOGADOR
Iniciales LAR
942 ## - ELEMENTOS DE PUNTO DE ACCESO ADICIONAL (KOHA)
Fuente del sistema de clasificación o colocación Library of Congress Classification
Tipo de ítem Koha Libros
Holdings
Estado de retiro Estado de pérdida Estado dañado No para préstamo Localización permanente Ubicación/localización actual Fecha de adquisición Número de inventario Total de préstamos Signatura topográfica completa Código de barras Fecha visto por última vez Precio válido a partir de Tipo de ítem Koha
El ejemplar forma parte de la colección y puede ser consultado según las políticas vigentes.       Biblioteca del Museo Franz Mayer (Rogerio Casas-Alatriste) Biblioteca del Museo Franz Mayer (Rogerio Casas-Alatriste) 29/11/2016 R-42/B   NE1235 .F92 1918 (R-42/B) LAR00159 22/03/2019 22/03/2019 Libros